Upgrading and repairing PCs / (Record no. 16202)

MARC details
000 -LEADER
fixed length control field 01063cam a2200325 a 4500
001 - CONTROL NUMBER
control field 13119508
003 - CONTROL NUMBER IDENTIFIER
control field MUT
005 - DATE AND TIME OF LATEST TRANSACTION
control field 20240606081351.0
008 - FIXED-LENGTH DATA ELEMENTS--GENERAL INFORMATION
fixed length control field 030311s2004 inua 001 0 eng
010 ## - LIBRARY OF CONGRESS CONTROL NUMBER
LC control number 2003103671
020 ## - INTERNATIONAL STANDARD BOOK NUMBER
International Standard Book Number 0789729741
035 ## - SYSTEM CONTROL NUMBER
System control number (DLC) 2003103671
040 ## - CATALOGING SOURCE
Transcribing agency MUT
042 ## - AUTHENTICATION CODE
Authentication code pcc
050 00 - LIBRARY OF CONGRESS CALL NUMBER
Classification number TK 7887
Item number .M84 2004
082 00 - DEWEY DECIMAL CLASSIFICATION NUMBER
Classification number 004.16
Edition information 22
100 1# - MAIN ENTRY--PERSONAL NAME
Personal name Mueller, Scott.
245 10 - TITLE STATEMENT
Title Upgrading and repairing PCs /
246 14 - VARYING FORM OF TITLE
Title proper/short title Scott Mueller's upgrading and repairing PCs
250 ## - EDITION STATEMENT
Edition statement 15th anniversary ed.
260 ## - PUBLICATION, DISTRIBUTION, ETC.
Place of publication, distribution, etc. Indianapolis, IN :
Name of publisher, distributor, etc. Que,
Date of publication, distribution, etc. c2004.
300 ## - PHYSICAL DESCRIPTION
Extent xiii, 1575 p. :
Other physical details ill. ;
Dimensions 24 cm. +
Accompanying material 1 DVD (4 3/4 in.)
500 ## - GENERAL NOTE
General note Includes index.
650 #0 - SUBJECT ADDED ENTRY--TOPICAL TERM
Topical term or geographic name entry element Microcomputers
General subdivision Maintenance and repair.
650 #0 - SUBJECT ADDED ENTRY--TOPICAL TERM
Topical term or geographic name entry element Microcomputers
General subdivision Equipment and supplies.
650 #0 - SUBJECT ADDED ENTRY--TOPICAL TERM
Topical term or geographic name entry element Microcomputers
General subdivision Upgrading.
906 ## - LOCAL DATA ELEMENT F, LDF (RLIN)
a 7
b cbc
c orignew
d 2
e epcn
f 20
g y-gencatlg
942 ## - ADDED ENTRY ELEMENTS (KOHA)
Source of classification or shelving scheme Library of Congress Classification
Koha item type Books
Holdings
Withdrawn status Lost status Source of classification or shelving scheme Damaged status Not for loan Home library Current library Shelving location Date acquired Source of acquisition Total checkouts Full call number Barcode Date last seen Price effective from Koha item type
    Library of Congress Classification     Murang'a University of Technology Library Murang'a University of Technology Library General stacks 16/03/2018 Donation-TFC   TK 7887 .M84 2004 014794 30/08/2024 16/03/2018 Books